000 01425nam a2200217Ia 4500
003 OSt
005 20210513103953.0
008 210310s1962 ck fr 000 0 eng d
040 _aCO-JMCR
_cCO-JMCR
041 0 _aeng
082 0 4 _a336.205 /
_bT238f
_223
100 1 _aTaylor, Milton C.,
_915028
_edirector
245 0 _aFiscal reform and development needs in Colombia /
_cMilton C. Taylor
260 _a[Bogotá] :
_bOEA : Banco Interamericano de Desarrollo,
_c1962
300 _a[622] páginas ;
_c29 cm.
500 _a"This is a preliminary draft which should not be quited or transcribed"--portada
505 0 _aColombia´s fiscal problems and proposals for reforma -- The income and complementary taxes: statutory provisions, revenue productivity, characteristics of taxpayers -- General considerations bearing on the taxartion of corporations and kimited lianbility companies in Colombia -- The income and complementary taxes: general considerations -- The income and complementary taxes: techical issues: administration, and recomnedations -- Inheritance and gift taxation -- The taxation of the agricultural industry -- Urban real property taxation -- Revenues from Foreign commerce -- Tariffs and development -- Internal indiret taxes -- The incidence of the tax system -- The autonomous agencies
650 1 4 _aReforma fiscal
_915030
_zColombia
650 1 4 _aDesarrollo fiscal
_zColombia
_937588
942 _2ddc
_cBK
999 _c7642
_d7642